000
00367nam a22001217a 4500
999
_c
13538
_d
13538
082
_a
891.491
100
_a
رخسانہ صبا
245
_a
گواہی میرے عہد کی
260
_a
کراچی
_b
بھوپال انٹرنیشنل فورم
_c
٢٠٠٩
300
_a
مختلف صفحات
650
_a
Gawahi Mere ehd ki,jazib Qureshi, poet, shair
942
_c
BK